01383nam a2200349 a 4500001001200000003000800012006001900020007001500039008004100054010001700095020003000112020002700142040002100169035002100190050002300211082001700234245011500251260006100366300003500427490003800462504005100500533015200551650002400703650002500727655002900752700002500781700002100806710001700827830004600844856012600890999001701016ebr10682759CaPaEBRm u cr cn|||||||||130201s2013 nyuad sb 001 0 eng d z 2012043093 z9781624173509 (hardcover) z9781624173516 (e-book) aCaPaEBRcCaPaEBR a(OCoLC)84117095114aQA427b.F63 2013eb04a519.5/3622300aFocus on nonlinear analysis researchh[electronic resource] /cGualtiero Padovani and Manuel Occhino, editors. aHauppauge, N.Y. :bNova Science Publishers, Inc.,c2013. ax, 206 p. :bill. (some col.).1 aMathematics research developments aIncludes bibliographical references and index. aElectronic reproduction.bPalo Alto, Calif. :cebrary,d2013.nAvailable via World Wide Web.nAccess may be limited to ebrary affiliated libraries. 0aNonlinear theories. 0aRegression analysis. 7aElectronic books.2local1 aPadovani, Gualtiero.1 aOcchino, Manuel.2 aebrary, Inc. 0aMathematics research developments series.40uhttp://site.ebrary.com/lib/rucke/Doc?id=10682759zAn electronic book accessible through the World Wide Web; click to view c13859d13859